000 00885nam a2200277 a 4500
008
020 _a9781409448273 (hardback)
040 _aNUST
_cNUST
049 _aMAIN
090 _aHD9665.5
_bANS
100 1 _aAnsell, John.,
_aauthor.
245 1 0 _aTransforming big Pharma :
_bassessing the strategic alternatives/
_c John Ansell.
260 _aEngland :
_bGower,
_c 2013.
300 _axvi, 265 pages :
_billustrations ;
_c25 cm.
336 _atext
_btxt
_2rdacontent
337 _aunmediated
_bn
_2rdamedia
338 _avolume
_bnc
_2rdacarrier
500 _aIncludes index.
504 _aIncludes bibliographical references.
650 1 _aPharmaceutical industry
_xManagement.
650 _aStrategic planning.
907 _a.b10411185
_b18-10-21
_c15-10-21
003
005 20230123141225.0
942 _cBOOKS
_kHD9665.5
_mANS
999 _c169819
_d169819